| 000 | 005360000a22001810004500 | ||
|---|---|---|---|
| 003 | MACL | ||
| 005 | 20160407150239.0 | ||
| 008 | 160407b xxu||||| |||| 00| 0 eng d | ||
| 040 |
_aMACL _cMACL |
||
| 041 | _aHindi | ||
| 082 | _a630 | ||
| 100 |
_aओ पी शर्मा _945920 |
||
| 245 | _aरेगिस्तान में हरियाली | ||
| 260 |
_bपुस्तक मंदिर _c2008 _aबीकानेर |
||
| 350 | _a125 | ||
| 650 |
_aAgriculture Sci. _951017 |
||
| 942 |
_cHIN _k630/SHA _2ddc |
||
| 999 |
_c45111 _d45111 |
||